000 00310pam a2200145 a 4500
020 _c
041 _aeng
082 _bKHA
100 _aKhan lal .
245 _aGeography Paper II and III
_hTextual Documents
250 _a2011.
260 _a[s.l]:
_bRamesh publishing Co
300 _a504.
930 _a1803
999 _c78727
_d78727